Κατάλογος Βιβλιοθηκών Mediterranean College

Διαστημικές Κατασκευές / Κατασκευές για το Καλοκαίρι (Record no. 9494)

MARC details
000 -LEADER
fixed length control field 01324cam a22001814a 4500
005 - ΗΜΕΡΟΜΗΝΙΑ ΚΑΙ ΩΡΑ ΤΕΛΕΥΤΑΙΑΣ ΕΝΗΜΕΡΩΣΗΣ
Πεδίο ελέγχου 20250605164402.0
008 - FIXED-LENGTH DATA ELEMENTS--GENERAL INFORMATION
Πεδίο ελέγχου σταθερού μήκους 250528s ||||||||||||||||||||||||d
035 ## - SYSTEM CONTROL NUMBER
System control number 24625
040 ## - ΠΗΓΗ ΚΑΤΑΛΟΓΟΓΡΑΦΗΣΗΣ
Φορέας πρωτότυπης καταλογογράφησης MC Athens Campus Library
Γλώσσα καταλογογράφησης Ελληνικά, Μοντέρνα (1453-)
Modifying agency MC Athens Campus Library
Κανόνες περιγραφικής καταλογογράφησης AACR2
245 1# - ΤΙΤΛΟΣ ΚΑΙ ΔΗΛΩΣΗ ΥΠΕΥΘΥΝΟΤΗΤΑΣ
Τίτλος Διαστημικές Κατασκευές / Κατασκευές για το Καλοκαίρι
260 ## - PUBLICATION, DISTRIBUTION, ETC.
Name of publisher, distributor, etc. Δημιουργικό Εργαστήρι,
Date of publication, distribution, etc. 2012
300 ## - PHYSICAL DESCRIPTION
Extent 60
520 ## - SUMMARY, ETC.
Summary, etc. Το Ταξιδάκι του Σκαντζόχειρου, Γρανάζια εν Δράσει, Μακέτα Νησί, Χταπόδι, Κάβουρας, Γλάρος με Ολόλευκα Φτερά, Κορνίζα με Αστερίες Καλοκαιρινές Κάρτες, Φάλαινα, Παιχνιδιάρικα Δελφίνια, Μόπμιλε Φεγγάρια, Ο Ήλιος σε ένα Πιάτο, Ουράνιο Τόξο, Κομήτης ή Πεφταστέρι, Η Γη μας, Μοβ Πλανήτης, Ο Κοσμοναύτης, Πύραυλος, Μικροί Πήλινοι Εξωγήινοι, Ιπτάμενος Δίσκος, Ταξίδι στο Διάστημα, Μην Ενοχλείτε, Ιπτάμενοι Δίσκοι, Πύραυλος Σελιδοδείκτης.
700 1# - ΠΡΟΣΘΕΤΗ ΑΝΑΓΡΑΦΗ--ΦΥΣΙΚΟ ΠΡΟΣΩΠΟ
Personal name Βασδέκη Κυριακή
9 (RLIN) 9498
942 ## - ADDED ENTRY ELEMENTS (KOHA)
Koha item type Περιοδικά Δημοσιεύματα
Holdings
Τύπος τεκμηρίου Βιβλιοθήκη Τρέχουσα τοποθεσία Barcode Ημερομηνία απόκτησης Ταξιθετικό σύμβολο Αριθμός αντιτύπου Κατάσταση απόσυρσης Κατάσταση χαμένου Κατάσταση κατεστραμμένου Μη δανεισμός Σύνολο δανεισμών Ημερομηνία τελευταίας εμφάνισης Η τιμή ισχύει από
Περιοδικά Δημοσιεύματα MC Athens Campus Library MC Athens Campus Library 9780000094933 05/06/2025 ΕΡΓΑΣΤΗΡΙ 1           05/06/2025 05/06/2025

MC Athens Campus Library
Πατησίων 94 & Κοδριγκτώνος 13, 104 34
Πελλήνης 8 & Πατησίων 107, 112 51
Τ: +30 210 8899600

MC Thessaloniki Campus Library
Ίωνος Δραγούμη 21, 54625 | Ίωνος Δραγούμη 15, 54625
Τ: +30 2310 287779 – Τ: +30 2314 440300